College Football Teams By Picture - Statistics

General Stats
  • This quiz has been taken 65 times
  • The average score is 101 of 136
Answer Stats
Picture Answer % Correct
Alabama
96%
Clemson
90%
Duke
90%
Georgia
90%
Miami
90%
Mississippi
90%
North Carolina
90%
Ohio
90%
Ohio State
90%
Oregon
90%
Texas
90%
Arizona
88%
Auburn
88%
Florida
88%
Iowa
88%
Navy
88%
Penn State
88%
Pittsburgh
88%
Colorado
86%
Florida State
86%
Iowa State
86%
Michigan
86%
Nebraska
86%
Purdue
86%
Texas Tech
86%
UCLA
86%
Air Force
84%
Baylor
84%
Kansas
84%
Kent State
84%
Virginia
84%
Arkansas
82%
Illinois
82%
Louisiana State
82%
Maryland
82%
Notre Dame
82%
Utah
82%
Virginia Tech
82%
Arizona State
80%
Army
80%
Boise State
80%
BYU
80%
Georgia Tech
80%
Kentucky
80%
Michigan State
80%
Oklahoma
80%
Oregon State
80%
South Carolina
80%
UNLV
80%
Utah State
80%
Washington
80%
Boston College
78%
California
78%
Connecticut
78%
Hawaii
78%
Houston
78%
Louisville
78%
Stanford
78%
Syracuse
78%
Tulsa
78%
Wake Forest
78%
West Virginia
78%
Colorado State
76%
Kansas State
76%
Massachusetts
76%
Oklahoma State
76%
Rutgers
76%
South California
76%
Texas A&M
76%
Texas El Paso
76%
Indiana
74%
Jacksonville State
74%
Memphis
74%
North Carolina State
74%
Wisconsin
74%
Akron
72%
Bowling Green
72%
Cincinnati
72%
East Carolina
72%
Louisiana
72%
Minnesota
72%
Mississippi State
72%
Missouri
72%
Northwestern
72%
South Methodist
72%
Tennessee
72%
Texas Christian
72%
Vanderbilt
72%
Western Kentucky
72%
Georgia State
70%
Temple
70%
Florida Atlantic
68%
James Madison
68%
Liberty
68%
Marshall
68%
New Mexico
68%
Tulane
68%
Washington State
68%
Wyoming
68%
Appalachian State
66%
Ball State
66%
Coastal Carolina
66%
Eastern Michigan
66%
Fresno State
66%
Louisiana Monroe
66%
Louisiana Tech
66%
Rice
66%
San Diego State
66%
Buffalo
64%
Kennesaw State
64%
New Mexico State
64%
Northern Illinois
64%
North Texas
64%
Old Dominion
64%
Texas State
64%
Arkansas State
62%
Georgia Southern
62%
Middle Tennessee
62%
San Jose State
62%
South Florida
62%
Troy
62%
Charlotte
60%
Miami (OH)
60%
Toledo
60%
Central Michigan
58%
Florida International
58%
Nevada
58%
University Alabama-Birmingham
58%
Central Florida
56%
South Alabama
56%
Texas San-Antonio
56%
Western Michigan
52%
Southern Mississippi
48%
Delaware
44%
Missouri State
38%
Sam Houston State
36%
No matching quizzes found
Score Distribution
Percent of People with Each Score
Percentile by Number Answered
Your Score History
You have not taken this quiz